Boricuas : influential Puerto Rican writings, an anthology = Boricuas: escritos influyentes de Puerto Rico - una antología /
Gorde:
| Egile nagusia: | |
|---|---|
| Formatua: | Ezezaguna |
| Hizkuntza: | English |
| Argitaratua: |
New York :
One World,
1995.
|
| Edizioa: | 1 edición |
| Gaiak: | |
| Etiketak: |
Etiketa erantsi
Etiketarik gabe, Izan zaitez lehena erregistro honi etiketa jartzen!
|
MARC
| LEADER | 000000000a22000000004500 | ||
|---|---|---|---|
| 001 | 014215 | ||
| 020 | |a 0345395026 | ||
| 041 | 0 | |a eng | |
| 082 | 0 | 4 | |a 810.8 |b B734b |
| 100 | 1 | |a Santiago, Roberto | |
| 245 | 1 | 0 | |a Boricuas : |b influential Puerto Rican writings, an anthology = Boricuas: escritos influyentes de Puerto Rico - una antología / |c Roberto Santiago. |
| 246 | 3 | 1 | |a Boricuas: escritos influyentes de Puerto Rico - una antología |
| 250 | |a 1 edición | ||
| 260 | 1 | |a New York : |b One World, |c 1995. | |
| 300 | |a xxxiv, 357 páginas : |b ilustraciones ; |c 21 cm. | ||
| 650 | 4 | |a LITERATURA AMERICANA | |
| 650 | 4 | |a AUTORES DE PUERTO RICO | |
| 650 | 4 | |a PUERTORRIQUEÑOS | |
| 650 | 4 | |a ESTADOS UNIDOS | |
| 650 | 4 | |a COLECCIONES LITERARIAS | |
| 500 | |a Colección George Yúdice | ||
| 999 | |c 20110 |d 20110 | ||
| 942 | |c BK |h 810.8 B734b |2 z | ||



